| 000 | 00687nam a2200181 4500 | ||
|---|---|---|---|
| 999 |
_c18535 _d18535 |
||
| 008 | 231129b ||||| |||| 00| 0 eng d | ||
| 020 | _a9789394080003 | ||
| 082 |
_22023 _aDC 420 _bV423 |
||
| 100 |
_aVardhan, Peeta Bobby. _950241 |
||
| 245 |
_aEnglish language & journalism : _binseparable twins / _cPeeta Bobby Vardhan and Challa Krishnaveer Abhishek. |
||
| 260 |
_aIndia : _bDominant Publisher & distributors Pvt Ltd., _c©2023. |
||
| 300 |
_axix, 373 pages : _billustrations ; _c23 cm. |
||
| 500 | _aIncludes references and index. | ||
| 650 |
_aEnglish language. _950242 |
||
| 650 |
_aJournalism. _950243 |
||
| 700 |
_aAbhishek, Challa Krishnaveer. _eauthor. _950244 |
||
| 942 |
_2ddc _cDC |
||